Analýza sentimentu na sociálnom webe na základe špecifických obsahových prvkov

Guardado en:
Detalles Bibliográficos
Autor principal: Zaťko, Šimon (Autor)
Otros Autores: Šimko, Marián (Orientador)
Formato: Manuscrito Libro
Lenguaje:eslovaco
Publicado: 2021
Materias:
Acceso en línea:http://is.stuba.sk/zp/portal_zp.pl?podrobnosti=158998
Etiquetas: Agregar Etiqueta
Sin Etiquetas, Sea el primero en etiquetar este registro!

MARC

LEADER 00000ntm a22000003a 4500
001 stuzp85708
003 SK-STU
005 20210619212118.7
007 ta
008 150427s2015----xo-----f-mn---000-0-slo-d
040 |a STU  |b slo 
041 0 |a slo 
100 1 |a Zaťko, Šimon  |u 070200  |4 aut  |U FIIT Fakulta informatiky a informačných technológií  |T FIIT Ústav informatiky, informačných systémov a softvérového inžinierstva  |X 86076  |U I200  |Y 179  |7 86076 
242 0 1 |a Sentiment analysis in the social web based on specific content elements  |y eng 
245 1 0 |a Analýza sentimentu na sociálnom webe na základe špecifických obsahových prvkov 
260 |c 2021 
650 4 |a analýza sentimentu  |2 slo 
650 4 |a spracovanie prirodzeného jazyka  |2 slo 
650 4 |a emotikon  |2 slo 
650 4 |a strojové učenie  |2 slo 
650 4 |a sentiment analysis  |2 eng 
650 4 |a natural language processing  |2 eng 
650 4 |a emoticon  |2 eng 
650 4 |a machine learning  |2 eng 
700 1 |a Šimko, Marián  |4 ths  |X 30649  |7 30649 
856 4 |u http://is.stuba.sk/zp/portal_zp.pl?podrobnosti=158998